<?xml version="1.0" encoding="UTF-8"?>
<record
    xmlns:xsi="http://www.w3.org/2001/XMLSchema-instance"
    xsi:schemaLocation="http://www.loc.gov/MARC21/slim http://www.loc.gov/standards/marcxml/schema/MARC21slim.xsd"
    xmlns="http://www.loc.gov/MARC21/slim">

  <leader>00867nam a22002177a 4500</leader>
  <controlfield tag="005">20240614113350.0</controlfield>
  <controlfield tag="008">220504b           ||||| |||| 00| 0 eng d</controlfield>
  <datafield tag="040" ind1=" " ind2=" ">
    <subfield code="c">Aloy</subfield>
  </datafield>
  <datafield tag="041" ind1=" " ind2=" ">
    <subfield code="a">kan</subfield>
  </datafield>
  <datafield tag="082" ind1=" " ind2=" ">
    <subfield code="2">23</subfield>
    <subfield code="a">K894.301</subfield>
    <subfield code="b">HEGB</subfield>
  </datafield>
  <datafield tag="100" ind1=" " ind2=" ">
    <subfield code="a">M J Hegde Mudlakatte</subfield>
    <subfield code="9">170800</subfield>
  </datafield>
  <datafield tag="100" ind1=" " ind2=" ">
    <subfield code="9">33473</subfield>
    <subfield code="d">&#xCB9;&#xCC6;&#xC97;&#xCCD;&#xCA1;&#xCC6; &#xC8E;&#xC82; &#xC9C;&#xCC6; &#xCB9;&#xCC6;&#xC97;&#xCCD;&#xCA1;&#xCC6; &#xCAE;&#xCC2;&#xCA1;&#xCCD;&#xCB2;&#xC95;&#xC9F;&#xCCD;&#xC9F;&#xCC6; </subfield>
  </datafield>
  <datafield tag="245" ind1=" " ind2=" ">
    <subfield code="a">Baduku baraha horata</subfield>
    <subfield code="b"> &#xCAC;&#xCA6;&#xCC1;&#xC95;&#xCC1; &#xCAC;&#xCB0;&#xCB9; &#xCB9;&#xCCB;&#xCB0;&#xCBE;&#xC9F; </subfield>
  </datafield>
  <datafield tag="260" ind1=" " ind2=" ">
    <subfield code="a">Kundapura</subfield>
    <subfield code="b">Pustaka Nidhi</subfield>
    <subfield code="c">2006</subfield>
  </datafield>
  <datafield tag="300" ind1=" " ind2=" ">
    <subfield code="a">160p.</subfield>
    <subfield code="b">PB</subfield>
    <subfield code="c">21x13cm.</subfield>
  </datafield>
  <datafield tag="365" ind1=" " ind2=" ">
    <subfield code="2">Kannada</subfield>
    <subfield code="b">80.00</subfield>
    <subfield code="c">&#x20B9;</subfield>
    <subfield code="d">80.00</subfield>
  </datafield>
  <datafield tag="650" ind1=" " ind2=" ">
    <subfield code="a">Kannada Fiction: &#xC95;&#xCA8;&#xCCD;&#xCA8;&#xCA1; &#xC95;&#xCA4;&#xCC6;&#xC97;&#xCB3;&#xCC1; </subfield>
    <subfield code="9">33469</subfield>
  </datafield>
  <datafield tag="650" ind1=" " ind2=" ">
    <subfield code="a">Kannada Sahitya: &#xC95;&#xCA8;&#xCCD;&#xCA8;&#xCA1; &#xCB8;&#xCBE;&#xCB9;&#xCBF;&#xCA4;&#xCCD;&#xCAF; </subfield>
    <subfield code="9">33470</subfield>
  </datafield>
  <datafield tag="700" ind1=" " ind2=" ">
    <subfield code="a">HEGDE (M J Mudlakatte): &#xCB9;&#xCC6;&#xC97;&#xCCD;&#xCA1;&#xCC6; (&#xC8E;&#xC82; &#xC9C;&#xCC6; &#xCAE;&#xCC2;&#xCA1;&#xCCD;&#xCB2;&#xC95;&#xC9F;&#xCCD;&#xC9F;&#xCC6;)</subfield>
    <subfield code="9">33471</subfield>
  </datafield>
  <datafield tag="942" ind1=" " ind2=" ">
    <subfield code="2">ddc</subfield>
    <subfield code="c">GF</subfield>
  </datafield>
  <datafield tag="999" ind1=" " ind2=" ">
    <subfield code="c">222775</subfield>
    <subfield code="d">222775</subfield>
  </datafield>
  <datafield tag="952" ind1=" " ind2=" ">
    <subfield code="0">0</subfield>
    <subfield code="1">0</subfield>
    <subfield code="2">ddc</subfield>
    <subfield code="4">0</subfield>
    <subfield code="7">0</subfield>
    <subfield code="8">KAN</subfield>
    <subfield code="a">AL</subfield>
    <subfield code="b">AL</subfield>
    <subfield code="d">2022-03-24</subfield>
    <subfield code="l">0</subfield>
    <subfield code="o">K894.301 HEGB</subfield>
    <subfield code="p">GF02903</subfield>
    <subfield code="r">2022-05-04 00:00:00</subfield>
    <subfield code="w">2022-05-04</subfield>
    <subfield code="y">GF</subfield>
  </datafield>
</record>
